Les meilleurs joueurs de tous les temps - Statistiques

Statistiques générales
  • Ce quiz a été pris 183 fois
  • Le résultat moyen est 7 sur 10
Statistiques - réponses
Nombre Joueur % Correct
2 Cristiano Ronaldo
100%
1 Lionel Messi
100%
4 Pelé
92%
3 Diego Maradona
91%
6 Zinedine Zidane
87%
9 Ronaldinho
74%
7 Johan Cruyff
66%
8 Michel Platini
52%
5 Ronaldo Nazario
40%
10 Franz Beckenbauer
34%
Aucun quiz correspondant
Distribution des résultats
% des personnes avec chaque résultat
Percentile par nombre de réponses
Votre historique - résultats
Vous n’avez pas pris ce quiz